000 01416cam a2200361 a 4500
001 EDZ0000116450
003 StDuBDS
005 20161031105139.0
006 m||||||||d||||||||
007 cr |||||||||||
008 130111s2006 enka fo| 000|0|eng d
020 _a9781446262153 (ebook) :
_cNo price
040 _aStDuBDS
_beng
_cStDuBDS
_epn
049 _aAlfaisal Main Library
050 0 _aHF1416
_b.I616 2006
082 0 4 _a658.84
_223
245 0 0 _aInternational marketing
_h[electronic resource] /
_cedited by Masaaki Kotabe.
260 _aLondon :
_bSAGE,
_c2006.
300 _a1 online resource (6 v.) :
_bill.
490 1 _aSAGE library in marketing
520 8 _aEdited by a scholar at the forefront of the field, this collection of articles represents the state of the art in International Marketing research, with particular emphasis on the conceptual framework and theory development in the field.
521 _aSpecialized.
588 _aDescription based on print version record.
504 _aIncludes bibliographical references.
650 0 _aExport marketing.
655 7 _aElectronic books.
_2local
700 1 _aKotabe, Masaaki.
710 2 _aSage eBooks
776 0 8 _iPrint version :
_z9781412928304
830 0 _aSAGE library in marketing.
856 4 0 _uhttp://ezproxy.alfaisal.edu/login?url=http://sk.sagepub.com/navigator/international-marketing
942 _2lcc
_cEBOOKS
999 _c480337
_d480337